000 00855 a2200241 4500
999 _c8380
_d8380
020 _a0435912046
050 0 0 _aPR9387.9 EME 2000
100 1 _aEmecheta, Buchi.
_eauthor
245 1 4 _aThe new tribe /
_cBuchi Emecheta.
264 _aOxford :
_bHeinemann Educational Publishers,
_c2000.
300 _a154 p. ;
440 0 _aAfrican writers series
500 _aNovel
650 0 _aNigerians
650 0 _aInterracial adoption
650 0 _aAdopted children
650 0 _aClergy
651 0 _aNigeria
651 0 _aEngland
856 4 2 _3Book review (H-Net)
_uhttp://www.h-net.org/review/hrev-a0c0h1-aa
942 _2lcc
_cBK
_h9387.9
_iEME
_kPR